|
|
|
|
| LEADER |
00000nam a2200000 a 4500 |
| 001 |
vtls010278639 |
| 003 |
SK-MaSNL |
| 005 |
20260301031747.0 |
| 008 |
180809s2011 xo o g c 000 0 slo |
| 015 |
|
|
|a SNBE2013
|
| 020 |
|
|
|q (viaz.)
|
| 040 |
|
|
|a SNK
|b slo
|c SNK
|e AACR2
|
| 041 |
0 |
|
|a slo
|
| 043 |
|
|
|a e-xo---
|
| 044 |
|
|
|a xo
|c SK
|
| 072 |
|
7 |
|a 77
|x Fotografia. Fotografické postupy
|2 konspekt
|
| 080 |
|
|
|a 77:069.9
|2 2001
|
| 080 |
|
|
|a 77.03/.08-027.562
|2 2001
|
| 080 |
|
|
|a 911.5
|2 2001
|
| 080 |
|
|
|a 502.2
|2 2001
|
| 080 |
|
|
|a 7.04
|2 2001
|
| 080 |
|
|
|a (437.6)
|2 2001
|
| 080 |
|
|
|a (083.824)
|2 2001
|
| 111 |
2 |
|
|a Medzinárodná fotografická výstava
|n (2. :
|d 2011 :
|c Topoľčianky, Slovensko)
|9 178638
|
| 245 |
1 |
0 |
|a Príroda a krajina
|b II. ročník medzinárodnej fotografickej výstavy : zámok v Topoľčiankach
|c autori textu Marián Mokráň, Peter Fodor ; zostavil Radimír Siklienka ; fotografia na obálke Vlado Bošanský
|
| 250 |
|
|
|a [1. vyd.]
|
| 260 |
|
|
|a V Nitre
|b Krajské osvetové stredisko
|c 2011
|
| 300 |
|
|
|a [17] s.
|b fotogr.
|c 20 cm
|
| 366 |
|
|
|e 250 výt.
|
| 500 |
|
|
|a Názov z obalu
|
| 650 |
0 |
7 |
|a fotografické výstavy
|2 SNKPH
|9 29441
|
| 650 |
0 |
7 |
|a amatérska fotografia
|2 SNKPH
|9 72795
|
| 650 |
0 |
7 |
|a krajina
|2 SNKPH
|9 15725
|
| 650 |
0 |
7 |
|a príroda
|2 SNKPH
|9 3813
|
| 650 |
0 |
7 |
|a námety, témy a motívy
|2 SNKPH
|9 2883
|
| 650 |
0 |
7 |
|a Photography exhibitions
|2 SNKPHeng
|9 151508
|
| 650 |
0 |
7 |
|a Amateur photography
|2 SNKPHeng
|9 270760
|
| 650 |
0 |
7 |
|a Landscape
|2 SNKPHeng
|9 327414
|
| 650 |
0 |
7 |
|a Nature
|2 SNKPHeng
|9 267314
|
| 650 |
0 |
7 |
|a Themes and motives
|2 SNKPHeng
|9 284413
|
| 651 |
|
7 |
|a Topoľčianky (Slovensko)
|2 SNKPH
|9 31565
|
| 651 |
|
7 |
|a Topoľčianky (Slovakia)
|2 SNKPHeng
|9 327808
|
| 655 |
|
7 |
|a katalógy výstav
|2 SNKPH
|9 70445
|
| 655 |
|
7 |
|a Exhibition catalogs
|2 SNKPHeng
|9 266232
|
| 700 |
1 |
|
|a Mokráň, Marián
|4 aut
|9 327809
|
| 700 |
1 |
|
|a Fodor, Peter
|4 aut
|9 327810
|
| 700 |
1 |
|
|a Siklienka, Radimír,
|d 1966-
|4 com
|9 207349
|
| 700 |
1 |
|
|a Bošanský, Vlado
|4 pht
|9 327811
|
| 999 |
|
|
|c 577265
|d 579195
|
| 952 |
|
|
|a SNK
|b SNK
|y PREZ
|7 0
|p 17A0702850
|o snkOSD 9574
|i snk2011/11159
|8 0
|0 0
|1 0
|4 0
|d 2011-05-16
|l 0
|r 2026-02-23 14:37:46
|w 2026-02-23
|
| 952 |
|
|
|a SNK
|b SNK
|y VYP
|7 0
|p 17A0702849
|o snkOSD 9574 D1
|i snk2011/11160
|8 0
|0 0
|1 0
|4 0
|d 2011-05-16
|l 0
|r 2026-02-23 14:37:46
|w 2026-02-23
|